Central Library OPAC University of Rajshahi

Rural development : (Record no. 1561)

MARC details
000 -LEADER
fixed length control field 00764pam a2200253 a 4500
001 - CONTROL NUMBER
control field 1561
003 - CONTROL NUMBER IDENTIFIER
rucl marc code BD-RjUL
005 - DATE AND TIME OF LATEST TRANSACTION
control field 20211208233347.0
008 - FIXED-LENGTH DATA ELEMENTS--GENERAL INFORMATION
fixed length control field 121208r19951983enk b 001 0 eng
020 ## - INTERNATIONAL STANDARD BOOK NUMBER
International Standard Book Number 0582644437
035 ## - SYSTEM CONTROL NUMBER
System control number (BD-RjUL)1586
040 ## - CATALOGING SOURCE
Original cataloging agency DLC
Transcribing agency BD-RjUL
Modifying agency DLC
-- OCoLC
Language of cataloging eng
041 ## - LANGUAGE CODE
Language code of text/sound track or separate title eng
082 00 - DEWEY DECIMAL CLASSIFICATION NUMBER
Classification number 307.14
Edition number 19
Author mark and year CHR 1995
100 1# - MAIN ENTRY--PERSONAL NAME
Personal name Chambers, Robert,
Dates associated with a name 1932-
9 (RLIN) 5159
245 10 - TITLE STATEMENT
Title Rural development :
Remainder of title putting the last first /
Statement of responsibility, etc. Robert Chambers.
260 ## - PUBLICATION, DISTRIBUTION, ETC. (IMPRINT)
Place of publication, distribution, etc. London ;
-- New York :
Name of publisher, distributor, etc. Longman,
Date of publication, distribution, etc. c1983[Reprinted1995].
300 ## - PHYSICAL DESCRIPTION
Pagination [10], 246 p. ;
Size 21 cm.
500 ## - GENERAL NOTE
General note Includes index.
504 ## - BIBLIOGRAPHY, ETC. NOTE
Bibliography, etc Bibliography: p. 219-235.
650 #0 - SUBJECT ADDED ENTRY--TOPICAL TERM
Topical term or geographic name as entry element Rural poor
Geographic subdivision Developing countries.
9 (RLIN) 5160
Topical term or geographic name as entry element Rural development.
9 (RLIN) 5161
942 ## - ADDED ENTRY ELEMENTS (KOHA)
Source of classification or shelving scheme Dewey Decimal Classification
Koha item type Books
Holdings
Lost status Source of classification or shelving scheme Damaged status Not for loan Collection code Permanent Location Current Location Shelving location Date acquired Source of acquisition Cost, normal purchase price Total Checkouts Full call number Date last seen Copy number Koha item type Date checked out
  Dewey Decimal Classification     Non-fiction Central Library, University of Rajshahi Central Library, University of Rajshahi   13/11/2000 Karim International 155.00   307.14 CHR 1995 08/12/2013 C-9 Books  
  Dewey Decimal Classification     Non-fiction Central Library, University of Rajshahi Central Library, University of Rajshahi   03/07/1988 asia foundation   1 307.14 CHR 1987 26/09/2016 C-4 Books 01/09/2016
  Dewey Decimal Classification     Non-fiction Central Library, University of Rajshahi Central Library, University of Rajshahi   28/09/1991 Abacus Books 2.25 2 307.14 CHR 1990 26/10/2015 C-5 Books 26/10/2015
  Dewey Decimal Classification     Non-fiction Central Library, University of Rajshahi Central Library, University of Rajshahi   03/07/1988 N/A     307.14 CHR 1987 03/08/2016 C-2 Books  
  Dewey Decimal Classification   Not For Loan Non-fiction Central Library, University of Rajshahi Central Library, University of Rajshahi Reading Room 03/07/1988       307.14 CHR 1995 10/12/2016 C-1 Books